| 000 | 00715nam a2200217 i 4500 | ||
|---|---|---|---|
| 001 | 54439 | ||
| 003 | ES-MaACL | ||
| 005 | 20250720013019.0 | ||
| 007 | t| | ||
| 008 | 960724s1877 fr ||||1| fre d | ||
| 040 |
_aCAM _bspa _cCAM |
||
| 100 | 1 |
_aFoster, M. _951908 |
|
| 245 | 1 | 0 |
_aEléments d'embryologie / _cpar M. Foster ... et Francis M. Balfour; traduit de l'anglais par E. Rochefort. |
| 260 |
_aParis : _bG. Reinwald et Cie., _c1877 ( _ftypographie Paul Schmidt) |
||
| 300 |
_a[4], XV, [1], 322, [2] p. ; _c24 cm. |
||
| 650 | 7 |
_aEmbriologĂa _2embne _9135971 |
|
| 700 | 1 |
_aBalfour, Francis M. _924927 |
|
| 700 | 1 |
_aRochefort, E. _998069 |
|
| 852 |
_aES-MaACL _jB-1663 |
||
| 999 |
_c54439 _d54439 |
||